[Event "Cap d'Agde Avenir op"]
[Site "Cap d'Agde"]
[Date "2002.10.30"]
[Round "9"]
[White "Loukili, Mohamed"]
[Black "Miralles, Jose"]
[Result "0-1"]
[WhiteElo "1499"]
[BlackElo "1699"]
[PlyCount "69"]
[EventDate "2002.10.23"]
[EventType "swiss"]
[EventRounds "9"]
[EventCountry "FRA"]
[SourceTitle "EXT 2005"]
[Source "ChessBase"]
[SourceDate "2004.11.15"]
[SourceVersion "1"]
[SourceVersionDate "2004.11.15"]
[SourceQuality "1"]

1. c4 g6 2. Nc3 Bg7 3. Nf3 c6 4. d4 d5 5. e4 dxe4 6. Nxe4 Bg4 7. Be3 Bxf3 8. gxf3 Nf6 9. Qd2 Nbd7 10. 0-0-0 a6 11. Kb1 b5 12. cxb5 cxb5 13. Nc5 Nd5 14. Bg2 Qb6 15. Nxd7 Kxd7 16. Bh6 Bf6 17. f4 e6 18. h4 Rhg8 19. Be4 Be7 20. h5 f5 21. Bf3 a5 22. Bxd5 exd5 23. hxg6 hxg6 24. Bg5 Bf8 25. Rh7+ Rg7 26. Rdh1 Ra7 27. Rxg7+ Bxg7 28. Rh7 Kd6 29. a3 Qxd4 30. Qxd4 Bxd4 31. Rxa7 Bxa7 32. f3 Kc5 33. Kc1 Kc4 34. Bf6 Be3+ 35. Kc2 0-1